[Event "37. Copenhagen Open (Politiken Cup)"]
[Site "Elsinore"]
[Date "2015.07.26"]
[Round "2"]
[White "Skjoldager, Flemming"]
[Black "Haagen Larsen, Hans"]
[Result "1-0"]
[WhiteElo "1944"]
[BlackElo "1714"]
[PlyCount "105"]
[EventDate "2015.07.25"]
[EventType "swiss"]
[EventRounds "10"]
[EventCountry "DEN"]
[Source "ChessBase"]
[SourceDate "2015.09.14"]

1. e4 e6 2. d4 d5 3. Nd2 c5 4. exd5 exd5 5. Ngf3 Nc6 6. c3 Bd6 7. dxc5 Bxc5 8.
Nb3 Bb6 9. Be2 Nge7 10. O-O Bf5 11. Re1 Qd7 12. a4 a6 13. Bf4 f6 14. a5 Ba7 15.
Nbd4 O-O 16. Nxf5 Qxf5 17. Bg3 Rad8 18. Bd3 Qd7 19. Qc2 g6 20. h4 d4 21. cxd4
Nf5 22. Bxf5 gxf5 23. Rad1 Nb4 24. Qb3+ Nd5 25. Rc1 Kh8 26. Re2 Rg8 27. Qd1 f4
28. Bh2 Qh3 29. g3 fxg3 30. fxg3 Nf4 31. Rd2 Bxd4+ 32. Nxd4 Rxd4 33. Rcc2 Rxd2
34. Rxd2 Qxh4 35. Qf3 Qg5 36. Kh1 Nh5 37. Rd7 Qc1+ 38. Rd1 Qh6 39. g4 Ng7 40.
Qxb7 f5 41. Rg1 f4 42. Qb6 Qxb6 43. axb6 Rb8 44. Rc1 h5 45. Rc6 hxg4 46. Bxf4
Rb7 47. Be5 Kg8 48. Rg6 Kf8 49. Bxg7+ Kf7 50. Rc6 Ke8 51. Be5 Re7 52. Rc8+ Kf7
53. Rc7 1-0

[Event "37. Copenhagen Open (Politiken Cup)"]
[Site "Elsinore"]
[Date "2015.07.26"]
[Round "2"]
[White "Skjoldager, Per"]
[Black "Strachan, Christian C"]
[Result "1-0"]
[WhiteElo "2170"]
[BlackElo "1884"]
[PlyCount "85"]
[EventDate "2015.07.25"]
[EventType "swiss"]
[EventRounds "10"]
[EventCountry "DEN"]
[Source "ChessBase"]
[SourceDate "2015.09.14"]

1. c4 c6 2. e4 d5 3. exd5 cxd5 4. d4 Nf6 5. Nc3 e6 6. Nf3 Nc6 7. Bf4 a6 8. a3
Be7 9. c5 O-O 10. Bd3 b5 11. O-O Bb7 12. Bc2 Nd7 13. Re1 Re8 14. Qd3 Nf8 15.
Re2 Bf6 16. Rae1 Ne7 17. b4 Neg6 18. Bg3 Bc6 19. a4 Qd7 20. Ra1 Qb7 21. axb5
axb5 22. Ree1 Rxa1 23. Rxa1 Ra8 24. Rxa8 Qxa8 25. Nb1 Qa1 26. Qc3 Qa6 27. Qa3
Qb7 28. Qa5 Nd7 29. Na3 Nb8 30. Bd3 Nf8 31. Ne5 Nfd7 32. Nxb5 Be7 33. Qa7 f6
34. Qxb7 Bxb7 35. Nxd7 Nxd7 36. Nd6 Ba8 37. b5 e5 38. Nc8 Bf8 39. c6 Nb8 40.
Na7 Bd6 41. Nc8 Bc7 42. Ne7+ Kf7 43. Nxd5 1-0

[Event "37. Copenhagen Open (Politiken Cup)"]
[Site "Elsinore"]
[Date "2015.07.26"]
[Round "2"]
[White "Skjolingstad, Sverre"]
[Black "Fossan, Andreas"]
[Result "0-1"]
[WhiteElo "1519"]
[BlackElo "1840"]
[PlyCount "62"]
[EventDate "2015.07.25"]
[EventType "swiss"]
[EventRounds "10"]
[EventCountry "DEN"]
[Source "ChessBase"]
[SourceDate "2015.09.14"]

1. e4 c6 2. d4 d5 3. Nc3 dxe4 4. Nxe4 Bf5 5. Ng3 Bg6 6. Nf3 Nd7 7. h4 h6 8. Bd3
Bxd3 9. Qxd3 e6 10. Bd2 Ngf6 11. O-O-O Be7 12. Ne4 Nxe4 13. Qxe4 Nf6 14. Qe2
Qd5 15. b3 b5 16. Bf4 Ne4 17. Rd3 b4 18. Bd2 a5 19. Re1 Nc3 20. Bxc3 bxc3 21.
Qe5 O-O 22. Qxd5 cxd5 23. Ne5 Bxh4 24. g3 Be7 25. Nd7 Rfd8 26. Nb6 Ra6 27. Na4
Bb4 28. Ree3 Rc6 29. Nxc3 Rdc8 30. Kb2 e5 31. a3 exd4 0-1

[Event "37. Copenhagen Open (Politiken Cup)"]
[Site "Elsinore"]
[Date "2015.07.26"]
[Round "2"]
[White "Skovgaard, Emil"]
[Black "Jacobsen, Heidrikur Tindskar"]
[Result "0-1"]
[WhiteElo "1657"]
[BlackElo "1902"]
[PlyCount "110"]
[EventDate "2015.07.25"]
[EventType "swiss"]
[EventRounds "10"]
[EventCountry "DEN"]
[Source "ChessBase"]
[SourceDate "2015.09.14"]

1. e4 d6 2. Nf3 Nf6 3. Nc3 g6 4. Bc4 Bg7 5. d3 O-O 6. Be3 c6 7. Ne2 Ng4 8. Bc1
d5 9. exd5 cxd5 10. Bb3 Nc6 11. h3 Nf6 12. d4 Re8 13. c3 e5 14. dxe5 Nxe5 15.
Nxe5 Rxe5 16. Bf4 Re7 17. O-O b6 18. Nd4 Bb7 19. Bg5 a6 20. a4 Qd6 21. Qf3 Rae8
22. Qf4 Qxf4 23. Bxf4 Ne4 24. Be3 Bxd4 25. cxd4 Ng3 26. Rfe1 Nf5 27. Rad1 Nxe3
28. fxe3 Rxe3 29. Rxe3 Rxe3 30. Bc2 Re6 31. Bb3 Kg7 32. Rc1 Rc6 33. Re1 Re6 34.
Rc1 Bc6 35. a5 b5 36. Rc5 Rd6 37. Kf2 Kf6 38. Ba2 Ke6 39. b4 Kd7 40. h4 Rf6+
41. Ke3 Kd6 42. g4 Re6+ 43. Kf4 Re4+ 44. Kg5 Rxd4 45. Rc3 Rxb4 46. Rf3 h6+ 47.
Kxh6 Rxg4 48. Rxf7 Rxh4+ 49. Kxg6 Ra4 50. Rf6+ Kc5 51. Bb1 Rxa5 52. Bf5 b4 53.
Rf8 b3 54. Rc8 Rb5 55. Bd7 Rb6 0-1

[Event "37. Copenhagen Open (Politiken Cup)"]
[Site "Elsinore"]
[Date "2015.07.26"]
[Round "2"]
[White "Skovgaard, Tom"]
[Black "Thybo, Jesper Sondergaard"]
[Result "0-1"]
[WhiteElo "2022"]
[BlackElo "2255"]
[PlyCount "80"]
[EventDate "2015.07.25"]
[EventType "swiss"]
[EventRounds "10"]
[EventCountry "DEN"]
[Source "ChessBase"]
[SourceDate "2015.09.14"]

1. e4 c5 2. Nf3 d6 3. Bb5+ Nd7 4. O-O Ngf6 5. Re1 e6 6. c3 a6 7. Bf1 Be7 8. d4
O-O 9. e5 dxe5 10. dxe5 Nd5 11. c4 Nb4 12. Nc3 b6 13. a3 Nc6 14. g3 Bb7 15. Bg2
Qc7 16. Bf4 Rfd8 17. Nd5 exd5 18. e6 Bd6 19. Bxd6 Qxd6 20. cxd5 Ne7 21. exd7
Qxd7 22. d6 Nd5 23. Ng5 Qxd6 24. Qb3 h6 25. Ne4 Qc7 26. Rad1 Rab8 27. Rd2 Ne7
28. Red1 Rxd2 29. Rxd2 Nf5 30. Qc4 Re8 31. Qe2 Bxe4 32. Bxe4 Nd4 33. Qxa6 Qe5
34. Rxd4 Qxd4 35. Bc6 Re6 36. Kg2 Qxb2 37. Qc8+ Kh7 38. Bd5 Rf6 39. Be4+ g6 40.
Bf3 Qxa3 0-1

[Event "37. Copenhagen Open (Politiken Cup)"]
[Site "Elsinore"]
[Date "2015.07.26"]
[Round "2"]
[White "Slettebo, Jan"]
[Black "Haugli, Petter"]
[Result "1-0"]
[WhiteElo "2006"]
[BlackElo "2247"]
[PlyCount "59"]
[EventDate "2015.07.25"]
[EventType "swiss"]
[EventRounds "10"]
[EventCountry "DEN"]
[Source "ChessBase"]
[SourceDate "2015.09.14"]

1. e4 c5 2. Nf3 e6 3. Be2 Nc6 4. Nc3 Nf6 5. O-O Be7 6. d4 cxd4 7. Nxd4 d6 8.
Be3 O-O 9. f4 a6 10. Qe1 Bd7 11. Qg3 Nxd4 12. Bxd4 Bc6 13. Bd3 g6 14. Rae1 d5
15. e5 Nh5 16. Qh3 Qa5 17. g4 Bc5 18. Qe3 Bxd4 19. Qxd4 Ng7 20. f5 exf5 21.
gxf5 Rad8 22. Re3 b5 23. a3 Rb8 24. Nxd5 Bxd5 25. Qxd5 Qb6 26. Qf3 gxf5 27. Kh1
f6 28. e6 Rbe8 29. Rg1 Kh8 30. Rxg7 1-0

[Event "37. Copenhagen Open (Politiken Cup)"]
[Site "Elsinore"]
[Date "2015.07.26"]
[Round "2"]
[White "Smirin, Ilia"]
[Black "Roder, Peter"]
[Result "1-0"]
[WhiteElo "2663"]
[BlackElo "2144"]
[PlyCount "71"]
[EventDate "2015.07.25"]
[EventType "swiss"]
[EventRounds "10"]
[EventCountry "DEN"]
[Source "ChessBase"]
[SourceDate "2015.09.14"]

1. c4 Nf6 2. Nc3 c5 3. Nf3 Nc6 4. d4 cxd4 5. Nxd4 g6 6. e4 Bg7 7. Be3 Ng4 8.
Qxg4 Nxd4 9. Qd1 Nc6 10. Qd2 Qa5 11. Rc1 d6 12. Be2 f5 13. exf5 Bxf5 14. O-O
O-O 15. Rfd1 Rad8 16. Qd5+ Qxd5 17. cxd5 Nb4 18. a3 Na6 19. b4 Rc8 20. Nb5 Bb2
21. Rxc8 Rxc8 22. Bxa7 Rc2 23. Bf1 Rc1 24. Rxc1 Bxc1 25. Be3 Bb2 26. Bd2 Bd7
27. a4 Kf7 28. Bc4 Kf6 29. f4 Bf5 30. Kf2 Bc2 31. a5 Kf7 32. Ke3 Ke8 33. Nd4
Bf5 34. Nxf5 gxf5 35. b5 Nb8 36. Bd3 1-0

[Event "37. Copenhagen Open (Politiken Cup)"]
[Site "Elsinore"]
[Date "2015.07.26"]
[Round "2"]
[White "Smith, Axel"]
[Black "Astrom, Lars"]
[Result "1-0"]
[WhiteElo "2449"]
[BlackElo "2097"]
[PlyCount "99"]
[EventDate "2015.07.25"]
[EventType "swiss"]
[EventRounds "10"]
[EventCountry "DEN"]
[Source "ChessBase"]
[SourceDate "2015.09.14"]

1. e4 c5 2. Nc3 Nc6 3. Bb5 Nd4 4. Bc4 g6 5. Nf3 Bg7 6. Nxd4 cxd4 7. Qf3 e6 8.
Nb5 d6 9. Qa3 Be5 10. d3 d5 11. f4 Bb8 12. exd5 exd5 13. Bb3 Ne7 14. Nxd4 O-O
15. Bd2 Nf5 16. Nxf5 Re8+ 17. Kf2 Bxf5 18. Qa5 Qxa5 19. Bxa5 Bxf4 20. Bxd5 Re5
21. c4 Be3+ 22. Kf3 Bd4 23. Rae1 Rae8 24. Rxe5 Rxe5 25. Re1 Bxd3 26. Rxe5 Bxe5
27. Ke3 Bb1 28. Bxb7 Bxa2 29. c5 Bxb2 30. c6 Bd5 31. g3 Be5 32. Ba8 Kg7 33. c7
Be6 34. Bb7 h5 35. Ke4 Bd6 36. Bc3+ f6 37. c8=Q Bxc8 38. Bxc8 h4 39. g4 h3 40.
g5 Be7 41. Kd5 Kf7 42. Be6+ Kg7 43. Bxh3 Kf7 44. Be6+ Kg7 45. Kc6 a5 46. Kd7
Bb4 47. gxf6+ Kf8 48. Bd4 a4 49. Be3 a3 50. Bh6# 1-0

[Event "37. Copenhagen Open (Politiken Cup)"]
[Site "Elsinore"]
[Date "2015.07.26"]
[Round "2"]
[White "Sorensen, Per Settergren"]
[Black "Carlstedt, Jonathan"]
[Result "0-1"]
[WhiteElo "2087"]
[BlackElo "2460"]
[PlyCount "82"]
[EventDate "2015.07.25"]
[EventType "swiss"]
[EventRounds "10"]
[EventCountry "DEN"]
[Source "ChessBase"]
[SourceDate "2015.09.14"]

1. e4 d6 2. d4 Nf6 3. Nc3 e5 4. Nf3 Nbd7 5. Bc4 Be7 6. a4 O-O 7. O-O h6 8. h3
c6 9. Re1 Qc7 10. Ba2 Re8 11. dxe5 dxe5 12. Nh4 Nc5 13. Qf3 Ne6 14. Nf5 Ng5 15.
Bxg5 hxg5 16. Ne2 Rf8 17. Neg3 g6 18. Nxe7+ Qxe7 19. Qe3 Nd7 20. Nf1 Nc5 21.
Nh2 Kg7 22. Bc4 a5 23. Nf3 g4 24. hxg4 Bxg4 25. Qc3 Bxf3 26. Qxf3 Rad8 27. Qc3
Rd4 28. b3 b6 29. Qf3 Qf6 30. Qxf6+ Kxf6 31. f3 Rfd8 32. Kf2 g5 33. Re2 g4 34.
Rh1 Nxa4 35. Rh6+ Ke7 36. Rxc6 Nc3 37. Re1 Rd2+ 38. Kg3 gxf3 39. Kxf3 Rg8 40.
Bxf7 Kxf7 41. Rxc3 Rdxg2 0-1

[Event "37. Copenhagen Open (Politiken Cup)"]
[Site "Elsinore"]
[Date "2015.07.26"]
[Round "2"]
[White "Sparvang, Johnny"]
[Black "Hansen, Verner"]
[Result "0-1"]
[WhiteElo "1619"]
[BlackElo "1883"]
[PlyCount "64"]
[EventDate "2015.07.25"]
[EventType "swiss"]
[EventRounds "10"]
[EventCountry "DEN"]
[Source "ChessBase"]
[SourceDate "2015.09.14"]

1. e4 e5 2. Nf3 Nc6 3. Nc3 d6 4. d4 Bg4 5. d5 Nd4 6. Be2 Nxe2 7. Qxe2 a6 8. h3
Bh5 9. O-O Nf6 10. g4 Bg6 11. Nh2 Be7 12. f4 exf4 13. Bxf4 Qd7 14. Rf2 O-O-O
15. Rd1 h5 16. g5 Nh7 17. Qe3 f6 18. h4 fxg5 19. Bxg5 Nxg5 20. hxg5 Rde8 21.
Rd4 Bd8 22. a4 Qe7 23. Nf3 h4 24. Qf4 Bh5 25. Nxh4 Qxg5+ 26. Qxg5 Bxg5 27. Nf5
g6 28. Rg2 Bf6 29. Nxd6+ cxd6 30. Rc4+ Kb8 31. Ne2 Bf3 32. Rxg6 Bxe2 0-1

[Event "37. Copenhagen Open (Politiken Cup)"]
[Site "Elsinore"]
[Date "2015.07.26"]
[Round "2"]
[White "Svendsen, Peter"]
[Black "Ask, Josef"]
[Result "1-0"]
[WhiteElo "1969"]
[BlackElo "2170"]
[PlyCount "75"]
[EventDate "2015.07.25"]
[EventType "swiss"]
[EventRounds "10"]
[EventCountry "DEN"]
[Source "ChessBase"]
[SourceDate "2015.09.14"]

1. d4 Nf6 2. c4 g6 3. Nc3 Bg7 4. e4 d6 5. Bg5 h6 6. Bh4 g5 7. Bg3 c5 8. d5 Qa5
9. Bd3 Nxe4 10. Bxe4 Bxc3+ 11. bxc3 Qxc3+ 12. Kf1 f5 13. Rc1 Qa3 14. h4 fxe4
15. hxg5 Bg4 16. f3 Rf8 17. gxh6 exf3 18. gxf3 Bxf3 19. Nxf3 Rxf3+ 20. Bf2 Rf8
21. h7 Rh8 22. Qh5+ Kd8 23. Re1 Qd3+ 24. Kg2 Nd7 25. Re3 Qxc4 26. Rxe7 Kxe7 27.
Bh4+ Nf6 28. Re1+ Kd7 29. Qf7+ Kc8 30. Qxf6 Qxd5+ 31. Kh3 Qd3+ 32. Kg2 Qxh7 33.
Re7 Rg8+ 34. Bg3 Qc2+ 35. Kh3 Qd3 36. Qe6+ Kd8 37. Rd7+ Kc8 38. Rxd6+ 1-0

[Event "37. Copenhagen Open (Politiken Cup)"]
[Site "Elsinore"]
[Date "2015.07.26"]
[Round "2"]
[White "Szumniak, Jedrzej"]
[Black "Rewitz, Poul"]
[Result "0-1"]
[WhiteElo "1975"]
[BlackElo "2184"]
[PlyCount "104"]
[EventDate "2015.07.25"]
[EventType "swiss"]
[EventRounds "10"]
[EventCountry "DEN"]
[Source "ChessBase"]
[SourceDate "2015.09.14"]

1. d4 c6 2. c4 g6 3. Nc3 Bg7 4. Nf3 d6 5. e4 Bg4 6. Be2 e6 7. O-O Ne7 8. h3
Bxf3 9. Bxf3 Nd7 10. Be3 O-O 11. Qb3 Rb8 12. Rad1 a6 13. c5 dxc5 14. dxc5 Qc7
15. Bg5 Rfe8 16. Na4 h6 17. Bh4 Be5 18. Bg4 Nf8 19. Rd3 g5 20. Bg3 Neg6 21. Rd6
b5 22. Bxe5 Nxe5 23. Nc3 Nfd7 24. Rfd1 Nxc5 25. Qc2 Nb7 26. R6d2 Rbd8 27. Rxd8
Rxd8 28. Rxd8+ Qxd8 29. Be2 Qd4 30. a3 Nd6 31. g3 c5 32. Qd1 Qxd1+ 33. Bxd1
Ndc4 34. b4 cxb4 35. axb4 Nc6 36. Na2 Nd4 37. Nc1 Nb2 38. Ne2 Nc6 39. Bb3 Nd3
40. Kf1 Ndxb4 41. Nc3 Nd4 42. Bd1 Kf8 43. Ke1 Nd3+ 44. Kf1 Ke7 45. Ne2 Nxe2 46.
Kxe2 Nb2 47. Bb3 Kd6 48. f4 gxf4 49. gxf4 a5 50. e5+ Kc5 51. f5 Nc4 52. fxe6
fxe6 0-1

[Event "37. Copenhagen Open (Politiken Cup)"]
[Site "Elsinore"]
[Date "2015.07.26"]
[Round "2"]
[White "Tan, Justin2"]
[Black "Stray, Gunnar"]
[Result "1-0"]
[WhiteElo "2417"]
[BlackElo "2075"]
[PlyCount "81"]
[EventDate "2015.07.25"]
[EventType "swiss"]
[EventRounds "10"]
[EventCountry "DEN"]
[Source "ChessBase"]
[SourceDate "2015.09.14"]

1. e4 c5 2. Nf3 e6 3. d4 cxd4 4. Nxd4 Nc6 5. Nc3 Qc7 6. g3 a6 7. Bg2 h5 8. h3
h4 9. g4 Bc5 10. Be3 Nxd4 11. Bxd4 Bxd4 12. Qxd4 e5 13. Nd5 Qa5+ 14. b4 exd4
15. bxa5 Kd8 16. O-O-O Ne7 17. Nb6 Rb8 18. Rxd4 Nc6 19. Rd5 Rh6 20. Rhd1 Ke8
21. a3 d6 22. Nc4 Be6 23. Nxd6+ Ke7 24. Nf5+ Bxf5 25. exf5 Rd8 26. Re1+ Kf8 27.
Rxd8+ Nxd8 28. Re3 Rd6 29. Rb3 Rd7 30. Kb2 Rc7 31. Rc3 Rd7 32. Rd3 Ke7 33.
Rxd7+ Kxd7 34. Kc3 f6 35. Bd5 Kd6 36. Kd4 Nc6+ 37. Bxc6 bxc6 38. c4 c5+ 39. Ke4
Kc6 40. f4 Kd6 41. g5 1-0

[Event "37. Copenhagen Open (Politiken Cup)"]
[Site "Elsinore"]
[Date "2015.07.26"]
[Round "2"]
[White "Tandrup, Michael"]
[Black "Pedersen, Hans Buus"]
[Result "0-1"]
[WhiteElo "1960"]
[BlackElo "2158"]
[PlyCount "124"]
[EventDate "2015.07.25"]
[EventType "swiss"]
[EventRounds "10"]
[EventCountry "DEN"]
[Source "ChessBase"]
[SourceDate "2015.09.14"]

1. c4 e6 2. g3 Nf6 3. Bg2 d5 4. Nf3 Be7 5. O-O O-O 6. d3 c5 7. cxd5 Nxd5 8. Nc3
Nc6 9. Bd2 b6 10. a3 Bb7 11. Nxd5 exd5 12. Bc3 Bf6 13. d4 Re8 14. e3 c4 15. h4
b5 16. b4 a5 17. Qd2 axb4 18. axb4 Qc7 19. Nh2 Qd6 20. Rab1 Bc8 21. Bf3 Bf5 22.
Rb2 Bd3 23. Re1 g6 24. Bd1 Ra3 25. Be2 Bxe2 26. Rxe2 Ra1+ 27. Kg2 Rea8 28. Ng4
Bg7 29. f4 f6 30. Nf2 f5 31. g4 h5 32. gxh5 gxh5 33. Nh3 Bf6 34. Kh2 Bxh4 35.
Rg2+ Kf7 36. Ng5+ Bxg5 37. Rxg5 Qf6 38. Qe2 Ke6 39. Qg2 Ne7 40. Qf3 h4 41. Qh3
Kd6 42. Rbg2 R1a2 43. Rh5 Qe6 44. Rhg5 Qe4 45. Be1 R8a3 46. Qxh4 Rxg2+ 47. Rxg2
Rxe3 48. Bf2 Re2 49. Qh8 Kc7 50. Qa8 Qe6 51. Qa7+ Kc8 52. Qa8+ Kd7 53. Qb7+ Ke8
54. Qb8+ Kf7 55. Qh8 Ng6 56. Qh7+ Ke8 57. Kg1 Ne7 58. Qh8+ Kd7 59. Qb8 Qc6 60.
Rg7 c3 61. Bh4 c2 62. Qa7+ Qc7 0-1

[Event "37. Copenhagen Open (Politiken Cup)"]
[Site "Elsinore"]
[Date "2015.07.26"]
[Round "2"]
[White "Tenold, Andreas"]
[Black "Nilssen, Ellen Fredericia"]
[Result "0-1"]
[WhiteElo "1423"]
[BlackElo "1819"]
[PlyCount "56"]
[EventDate "2015.07.25"]
[EventType "swiss"]
[EventRounds "10"]
[EventCountry "DEN"]
[Source "ChessBase"]
[SourceDate "2015.09.14"]

1. e4 e6 2. d4 d5 3. Nc3 Bb4 4. Bd3 c5 5. Nf3 Nc6 6. Be3 Nf6 7. exd5 Nxd5 8.
Qd2 Qa5 9. O-O Nxc3 10. a3 Nb1 11. axb4 Qxa1 12. Qc1 cxb4 13. Qxb1 Qxb1 14.
Rxb1 Bd7 15. c4 Ne7 16. c5 Nd5 17. Bd2 Ke7 18. Bc4 a5 19. Bxd5 exd5 20. Re1+
Be6 21. Bf4 Rhd8 22. Bd6+ Rxd6 23. cxd6+ Kxd6 24. Rc1 Rc8 25. Rxc8 Bxc8 26. Kf1
a4 27. b3 a3 28. Ne1 Bf5 0-1

[Event "37. Copenhagen Open (Politiken Cup)"]
[Site "Elsinore"]
[Date "2015.07.26"]
[Round "2"]
[White "Thogersen, Rasmus"]
[Black "Jensen, Michael Agermose"]
[Result "1-0"]
[WhiteElo "2192"]
[BlackElo "1984"]
[PlyCount "91"]
[EventDate "2015.07.25"]
[EventType "swiss"]
[EventRounds "10"]
[EventCountry "DEN"]
[Source "ChessBase"]
[SourceDate "2015.09.14"]

1. d4 c5 2. d5 g6 3. e4 Bg7 4. Nc3 d6 5. Bb5+ Nd7 6. a4 a6 7. Be2 Ngf6 8. Nf3
O-O 9. O-O Ne8 10. Bg5 Ne5 11. Nd2 f5 12. f4 Nf7 13. Bh4 Nf6 14. exf5 Bxf5 15.
h3 Bd7 16. Nc4 b5 17. axb5 axb5 18. Rxa8 Qxa8 19. Nb6 Qa7 20. Nxd7 c4+ 21. Kh1
Qxd7 22. Qd4 Nh6 23. Qb6 Nf5 24. Bf2 Bh6 25. Be1 b4 26. Qxb4 Ne3 27. Rg1 Bxf4
28. Bf3 Qf5 29. Ne2 Nxc2 30. Qxc4 Be3 31. Ng3 Qg5 32. Qxc2 Bxg1 33. Kxg1 Nxd5
34. Bd2 Qe5 35. Qb3 e6 36. Ne4 Qd4+ 37. Kh1 Ra8 38. Bh6 Ra1+ 39. Kh2 Qg1+ 40.
Kg3 Qe1+ 41. Kg4 Qb4 42. Qxb4 Nxb4 43. Nxd6 Rb1 44. Kg5 Rxb2 45. Kf6 e5 46. Nc8
1-0

[Event "37. Copenhagen Open (Politiken Cup)"]
[Site "Elsinore"]
[Date "2015.07.26"]
[Round "2"]
[White "Thomsen, Kim"]
[Black "Royset, Pal"]
[Result "1/2-1/2"]
[WhiteElo "1997"]
[BlackElo "2236"]
[PlyCount "64"]
[EventDate "2015.07.25"]
[EventType "swiss"]
[EventRounds "10"]
[EventCountry "DEN"]
[Source "ChessBase"]
[SourceDate "2015.09.14"]

1. d4 Nf6 2. c4 e6 3. Nf3 Bb4+ 4. Bd2 Bxd2+ 5. Nbxd2 d6 6. e3 Qe7 7. Rc1 e5 8.
c5 O-O 9. cxd6 cxd6 10. Qc2 Nc6 11. dxe5 dxe5 12. Bb5 Bd7 13. a3 Nd4 14. exd4
exd4+ 15. Be2 Rac8 16. Nc4 b5 17. O-O bxc4 18. Bxc4 Qd6 19. Rfd1 Bg4 20. Rxd4
Qb6 21. Rf4 Rfe8 22. Ng5 g6 23. Nxf7 Kg7 24. Qc3 Rxc4 25. Rxc4 Kxf7 26. Rc7+
Re7 27. Qe5 Bd7 28. Qc3 Nd5 29. Qf3+ Nf6 30. Qc3 Nd5 31. Qf3+ Nf6 32. Qc3 Nd5
1/2-1/2

[Event "37. Copenhagen Open (Politiken Cup)"]
[Site "Elsinore"]
[Date "2015.07.26"]
[Round "2"]
[White "Thor, Gudmundur Sverrir"]
[Black "Kramer, Julian"]
[Result "1/2-1/2"]
[WhiteElo "2032"]
[BlackElo "2312"]
[PlyCount "31"]
[EventDate "2015.07.25"]
[EventType "swiss"]
[EventRounds "10"]
[EventCountry "DEN"]
[Source "ChessBase"]
[SourceDate "2015.09.14"]

1. e4 c5 2. Nc3 a6 3. g3 b5 4. a4 b4 5. Nd5 e6 6. Ne3 Bb7 7. Bg2 Nf6 8. d3 d6
9. Ne2 Qc7 10. O-O Be7 11. c4 bxc3 12. bxc3 O-O 13. f4 Nbd7 14. Qc2 c4 15. d4
Qc6 16. e5 1/2-1/2

[Event "37. Copenhagen Open (Politiken Cup)"]
[Site "Elsinore"]
[Date "2015.07.26"]
[Round "2"]
[White "Thorsbro, Peter"]
[Black "Larsen, Ulrik"]
[Result "1-0"]
[WhiteElo "2216"]
[BlackElo "2005"]
[PlyCount "61"]
[EventDate "2015.07.25"]
[EventType "swiss"]
[EventRounds "10"]
[EventCountry "DEN"]
[Source "ChessBase"]
[SourceDate "2015.09.14"]

1. d4 d5 2. c4 e6 3. Nc3 c5 4. cxd5 exd5 5. dxc5 d4 6. Na4 b5 7. cxb6 axb6 8.
b3 Bf5 9. Nf3 Nc6 10. g3 Nb4 11. e4 d3 12. exf5 Nc2+ 13. Kd2 Bb4+ 14. Nc3 Bxc3+
15. Kxc3 Qf6+ 16. Kd2 Nxa1 17. a4 Rc8 18. Bxd3 Qc3+ 19. Ke2 Nxb3 20. Ba3 Nc5
21. Bb5+ Kf8 22. Qd6+ Ne7 23. Rd1 f6 24. Rd3 Qc2+ 25. Kf1 Rc6 26. Qd4 Rc8 27.
Qd6 Kf7 28. Re3 Rhe8 29. Bxe8+ Rxe8 30. Qxb6 Nd5 31. Qa7+ 1-0

[Event "37. Copenhagen Open (Politiken Cup)"]
[Site "Elsinore"]
[Date "2015.07.26"]
[Round "2"]
[White "Thybo, Thomas Sondergaard"]
[Black "Christensen, Bo Garner"]
[Result "1-0"]
[WhiteElo "1831"]
[BlackElo "2215"]
[PlyCount "65"]
[EventDate "2015.07.25"]
[EventType "swiss"]
[EventRounds "10"]
[EventCountry "DEN"]
[Source "ChessBase"]
[SourceDate "2015.09.14"]

1. e4 b6 2. f4 Bb7 3. d3 g6 4. Nc3 Bg7 5. Nf3 c5 6. g3 Nf6 7. Bg2 d5 8. e5 Ng8
9. O-O Nh6 10. e6 f6 11. h3 Na6 12. Nh4 Qd6 13. Nb5 Qxe6 14. f5 Qd7 15. Bxh6
Bxh6 16. c4 Be3+ 17. Kh2 O-O-O 18. Nxa7+ Kb8 19. Nb5 g5 20. Qe2 gxh4 21. Qxe3
hxg3+ 22. Qxg3+ Ka8 23. a4 Rhg8 24. Qf4 dxc4 25. Be4 cxd3 26. Rad1 c4 27. Rf2
Rc8 28. Rc1 Nc5 29. Bxb7+ Nxb7 30. Rxc4 Rxc4 31. Qxc4 d2 32. Qxg8+ Nd8 33. Qg2+
1-0

[Event "37. Copenhagen Open (Politiken Cup)"]
[Site "Elsinore"]
[Date "2015.07.26"]
[Round "2"]
[White "Tolba, Henri"]
[Black "Stojanovski, Sandi"]
[Result "0-1"]
[WhiteElo "1739"]
[BlackElo "2192"]
[PlyCount "62"]
[EventDate "2015.07.25"]
[EventType "swiss"]
[EventRounds "10"]
[EventCountry "DEN"]
[Source "ChessBase"]
[SourceDate "2015.09.14"]

1. e4 c5 2. Nf3 d6 3. d4 cxd4 4. Nxd4 Nf6 5. Nc3 e6 6. Be3 Be7 7. f3 a6 8. a4
Nc6 9. Nb3 b6 10. Qd2 O-O 11. Be2 Bb7 12. g4 Qc7 13. g5 Nd7 14. f4 Nc5 15. Rg1
Rfe8 16. Bg4 Nb4 17. Nxc5 bxc5 18. f5 exf5 19. Be2 fxe4 20. g6 hxg6 21. O-O-O
d5 22. Bh6 d4 23. Rxg6 fxg6 24. Bc4+ Kh7 25. Bf4 Bd6 26. Bxd6 Qxd6 27. Qg2 Qf4+
28. Kb1 Qf3 29. Qg5 dxc3 30. Rf1 Qh5 31. Qxc5 Qxc5 0-1

[Event "37. Copenhagen Open (Politiken Cup)"]
[Site "Elsinore"]
[Date "2015.07.26"]
[Round "2"]
[White "Van den Boogaart, Jan Maarten"]
[Black "Solberg, Joachim"]
[Result "0-1"]
[WhiteElo "2024"]
[BlackElo "2270"]
[PlyCount "86"]
[EventDate "2015.07.25"]
[EventType "swiss"]
[EventRounds "10"]
[EventCountry "DEN"]
[Source "ChessBase"]
[SourceDate "2015.09.14"]

1. d4 Nf6 2. c4 e6 3. Nf3 d5 4. Nc3 c6 5. e3 Nbd7 6. Qc2 Bd6 7. Bd3 dxc4 8.
Bxc4 b5 9. Bd3 Bb7 10. O-O O-O 11. Rd1 Qc7 12. h3 a6 13. Ng5 h6 14. Nge4 Be7
15. Nxf6+ Nxf6 16. Ne4 Nxe4 17. Bxe4 Rac8 18. Bd2 c5 19. dxc5 Bxc5 20. Rac1 Qb6
21. Bxb7 Qxb7 22. Qb3 b4 23. a3 a5 24. axb4 Bxb4 25. Bxb4 axb4 26. Qd3 b3 27.
Qd2 Qb8 28. Rc3 Rxc3 29. Qxc3 Rc8 30. Qd3 Rc2 31. Rd2 Qc7 32. Qd8+ Qxd8 33.
Rxd8+ Kh7 34. Rd7 Kg6 35. g3 Rxb2 36. Rb7 f5 37. Rb6 Kf6 38. Kg2 Ke5 39. Kf3
Kd5 40. g4 fxg4+ 41. hxg4 e5 42. e4+ Kc5 43. Re6 Rxf2+ 0-1

[Event "37. Copenhagen Open (Politiken Cup)"]
[Site "Elsinore"]
[Date "2015.07.26"]
[Round "2"]
[White "Vehl, Tina"]
[Black "Fransson, Pia"]
[Result "1-0"]
[WhiteElo "1851"]
[BlackElo "1511"]
[PlyCount "67"]
[EventDate "2015.07.25"]
[EventType "swiss"]
[EventRounds "10"]
[EventCountry "DEN"]
[Source "ChessBase"]
[SourceDate "2015.09.14"]

1. d4 Nf6 2. c4 g6 3. Nc3 Bg7 4. e4 d6 5. Nf3 O-O 6. Be2 c5 7. d5 e6 8. O-O
exd5 9. exd5 Re8 10. Bf4 a6 11. a4 Ne4 12. Nxe4 Rxe4 13. Bg5 Qc7 14. Bd3 Re8
15. Qc2 Bg4 16. Nd2 Nd7 17. Ne4 Bf5 18. Nxc5 Nxc5 19. Bxf5 gxf5 20. Qxf5 Re5
21. Qf4 Kh8 22. Ra3 Ne4 23. Bh6 Rg8 24. b3 Bxh6 25. Qxh6 Reg5 26. g3 Qc8 27.
Ra2 R8g6 28. Qh4 Rg4 29. Qe7 Ng5 30. f4 Nh3+ 31. Kh1 Qc5 32. Qe8+ Rg8 33. Qe1
Rf8 34. Qc3+ 1-0